• 首页
  • 本馆介绍
  • 公告通知
  • 最新文献
  • 馆藏检索
  • 电子资源
  • 读者导购
  • 参考咨询
  • 我的图书馆
  • 登录
  • 详细信息显示
  • 放入我的书架
  • 预约/预借图书
  • 作者相关作品
  • 分类相关作品
  • 丛书相关作品
  • 出版社相关作品

书目信息

  • 表格格式
  • 工作单格式
  • 卡片格式
题名:
小麦面粉品质改良与检测技术
    
 
作者: 李浪 主编
分册:  
出版信息: 北京   化学工业出版社  2008
页数: 371页
开本: 26cm
丛书名:
单 册:
中图分类: S512.103.3 , TS211.7
科图分类:
主题词: 小麦--品质育种--研究 , 面粉--食品检验 , 小麦 , 品质育种 , 面粉 , 食品检验
电子资源:
ISBN: 978-7-122-01855-7
000 01034nam0 2200301 45
001 1033072156
005 20100407164502.59
010    @a978-7-122-01855-7@dCNY49.00
100    @a20100401d2008 em y0chiy50 ea
101 0  @achi
102    @aCN@b110000
105    @aa z 000yy
106    @ar
200 1  @a小麦面粉品质改良与检测技术@AXiao Mai Mian Fen Pin Zhi Gai Liang Yu Jian Ce Ji Shu@f李浪主编@FLi Lang Zhu Bian
210    @a北京@c化学工业出版社@d2008
215    @a371页@c图@d26cm
330    @a本书从小麦品质分析、小麦品质遗传特性改良及环境对品质的影响、小麦制粉工艺品质及其改良、小麦粉品质分析、小麦粉组成成分与食品品质的关系研究、粮油食品检验分析实验室的建设与管理等方面进行了详细的介绍。
606 0  @a小麦@x品质育种@x研究
606 0  @a面粉@x食品检验
606 0  @a小麦
606 0  @a品质育种
606 0  @a面粉
606 0  @a食品检验
690    @aS512.103.3@v4
690    @aTS211.7@v4
701  0 @a李浪@ALi Lang@c(食品工业)@4主编
801  0 @aCN@bTANGWEI@c20100407
905    @b0588104-08@dS512.103.3@e40@f5
    
    小麦面粉品质改良与检测技术/李浪主编.-北京:化学工业出版社,2008
    371页:图;26cm
    
    
    ISBN 978-7-122-01855-7:CNY49.00
    本书从小麦品质分析、小麦品质遗传特性改良及环境对品质的影响、小麦制粉工艺品质及其改良、小麦粉品质分析、小麦粉组成成分与食品品质的关系研究、粮油食品检验分析实验室的建设与管理等方面进行了详细的介绍。
●
相关链接 在E读中查询图书 在五车中查询图书 在当当中查询图书 在豆瓣中查询图书


正题名:小麦面粉品质改良与检测技术     索取号:S512.103.3/40         预约/预借

序号 登录号 条形码 馆藏地/架位号 状态 备注
1 0588104   205881045   第二样本阅览室/ [索取号:S512.103.3/40] 在馆    
2 0588105   205881054   第三借阅区/ [索取号:S512.103.3/40] 在馆    
3 0588106   205881063   第三借阅区/ [索取号:S512.103.3/40] 在馆    
4 0588107   205881072   第三借阅区/ [索取号:S512.103.3/40] 在馆    
5 0588108   205881081   第三借阅区/ [索取号:S512.103.3/40] 在馆    
唐山师范学院图书馆 欢迎您!
大连网信软件有限公司© 版权所有